| 000 | 01415cam a22003018i 4500 | ||
|---|---|---|---|
| 001 | 18075074 | ||
| 005 | 20260306131942.0 | ||
| 008 | 140320s2014 nyu 001 0 eng | ||
| 010 | _a 2014009276 | ||
| 020 | _a9780273746324 (print) | ||
| 020 | _z9780273780076 (PDF) | ||
| 020 | _z9780273781318 (eText) | ||
| 040 |
_aDLC _beng _cDLC _erda |
||
| 042 | _apcc | ||
| 050 | 0 | 0 |
_aHD31 _b.S3623 2014 |
| 100 |
_aSchneider, Susan C. _921322 |
||
| 245 | 1 | 0 |
_aManaging across cultures _c/ Susan C. Schneider, Jean-Louis Barsoux. |
| 250 | _aThird edition. | ||
| 264 | 1 |
_aNew York : _bPearson, _c2014. |
|
| 500 | _aIncludes index. | ||
| 505 | 0 | _aThe meaning of culture — The undertow of culture — Discovering culture — Interacting spheres of culture — Culture and management practice — Culture and organisation — Culture and strategy — Culture and human resource management — Managing cultural differences — The "international" manager — The "multicultural" team — The "global" organisation — Citizens of the world : on the road to responsible leadership — Index. | |
| 650 | 0 |
_aInternational business enterprises _xManagement _xSocial aspects. _97247 |
|
| 650 | 0 |
_aIntercultural communication _9332 |
|
| 700 |
_aBarsoux, Jean-Louis _921321 |
||
| 700 |
_aStahl, Günter K., _d1966- |
||
| 856 |
_uhttps://research.ebsco.com/plink/7dca7b2e-dc65-3f49-8d10-fe04b918f8be _yebook |
||
| 942 | _2ddc | ||
| 999 |
_c4709 _d4709 |
||